000
00240 a2200109 4500
001
67163
040
_c
Anchieta - Pituba
240
1
0
_a
Krieg und frieden
_l
eng
245
1
0
_a
Krieg und frieden
650
4
_a
Inglês e inglês antigo
942
_c
MX
999
_c
67163
_d
67163